000 00912nam0a22002531 4500
001 rc\758967
005 20260407101000.0
035 _a(NLR Aleph) 006286858
090 _a7108054
_c7108054
100 _a20040301d1985 |||y0rusy50 ca
101 0 _arus
102 _aRU
105 _aa |||||||||
200 1 _aКлиническая оценка электрокардиограмм
_eУчеб.-метод. пособие
_fТом. мед. ин-т
_g[Афонина Р.В. и др.]
210 _aТомск
_cТом. мед. ин-т
_d1985
215 _a192 с., 4 л. табл.
_cил.
_d20
320 _aБиблиогр.: с. 191-192 (11 назв.)
702 1 _aАфонина
_bР.В.
_4220
712 0 2 _aТомский медицинский институт
_3RU\NLR\AUTH\889927905
_9351426
801 0 _aRU
_bNLR
_gpsbo
801 1 _aRU
_bELAR
_2rusmarc
852 _aNLR
_j86-3/1538
942 _cBOOK
980 _aNB